Podstata a kroky marketingového manažmentu. 1 Majstrovský list
Moderná marketingová koncepcia podnikania. Uplatnenie marketingového manažmentu, podstata a kroky. Klasická interpretácia pojmu marketingu. Koncepcia marketingu. Osem znakov určujúcich úspech odbytových opatrení podniku.
Na minha lista:
| Autor principal: | |
|---|---|
| Formato: | Capítulo de Livro |
| Idioma: | eslovaco |
| Assuntos: | |
| Tags: |
Sem tags, seja o primeiro a adicionar uma tag!
|
MARC
| LEADER | 00000naa a2200000 4500 | ||
|---|---|---|---|
| 001 | r015186 | ||
| 005 | 20221213113909.4 | ||
| 041 | 0 | |a slo | |
| 044 | |a SK | ||
| 245 | 1 | 0 | |a Podstata a kroky marketingového manažmentu. 1 |b Majstrovský list |c A. Ďurkovičová |
| 520 | |a Moderná marketingová koncepcia podnikania. Uplatnenie marketingového manažmentu, podstata a kroky. Klasická interpretácia pojmu marketingu. Koncepcia marketingu. Osem znakov určujúcich úspech odbytových opatrení podniku. | ||
| 610 | 2 | 0 | |a marketing |
| 610 | 2 | 0 | |a koncepcie |
| 610 | 2 | 0 | |a pojmy |
| 610 | 2 | 0 | |a manažment |
| 610 | 2 | 0 | |a podnikanie |
| 100 | 1 | |a Ďurkovičová, A. | |